| 000 | 00506nam a22001697a 4500 | ||
|---|---|---|---|
| 003 | BD-DhUL | ||
| 005 | 20170716120623.0 | ||
| 008 | 170320s1954 ||||| |||| 00| 0 ara d | ||
| 040 |
_aBD-DhUL _cBD-DhUL |
||
| 082 |
_a349.9569 _bZAM |
||
| 100 | 1 | _aالزرقا، مصطفی | |
| 245 | 1 | 0 |
_aمحاضرات فی القانون المدنی السوری / _cمصطفی الزرقا |
| 260 |
_a: _b، _c۱۹۵۴۔ |
||
| 300 |
_aص۔ ۱۵۶ ؛ _c۲۴ سم۔ |
||
| 650 | 0 | _aLaw - Saud Arabia | |
| 942 |
_2ddc _cBK |
||
| 999 |
_c211328 _d211328 |
||